000 00733nam a2200229Ia 4500
003 OSt
005 20250903162219.0
008 220923b |||||||| |||| 00| 0 eng d
020 _a0385183453
037 _cReference
040 _aRTL
_cRTL
_beng
041 _2eng
_aeng
084 _aO111973,3:g M3/SC
_qRTL
100 _aBowles, Samuel
_9293532
245 0 _aBeyond the waste land: A democratic alternative to economic decline
_b
260 _aNewyork
_bAnchor Press
_c1983
300 _axii, 465 p.
_bIncludes bibliographical reference and index
650 _aEconomic policy
650 _aRadical economics
_9819997
942 _hO111973,3:g M3/SC
_cREF
_2CC
_n0
999 _c641558
_d641558